LIBRARY & INFORMATION CENTRE, KCAET, TAVANUR

ONLINE PUBLIC ACCESS CATALOGUE (OPAC)

Fundamental University Physics : Voi I Mechanics and thermodynamics / (Record no. 1552)

MARC details
000 -LEADER
fixed length control field 00501cam a2200181ua 4500
020 ## - INTERNATIONAL STANDARD BOOK NUMBER
ISBN 0-201-00076-8
041 ## - LANGUAGE CODE
Language code of text/sound track or separate title eng
082 ## - DEWEY DECIMAL CLASSIFICATION NUMBER
Classification number 530
Item number ALO/FU
100 ## - MAIN ENTRY--AUTHOR NAME
Personal name Alonso, Marcelo .
245 ## - TITLE STATEMENT
Title Fundamental University Physics : Voi I Mechanics and thermodynamics /
250 ## - EDITION STATEMENT
Edition statement 2 /
260 ## - PUBLICATION, DISTRIBUTION, ETC. (IMPRINT)
Place of publication :
Name of publisher Addison-Wesley Publishing Company ,
Year of publication 1967.
300 ## - PHYSICAL DESCRIPTION
Number of Pages 538 ; .
700 1# - ADDED ENTRY--PERSONAL NAME
Personal name Finn, Edward.J .
942 ## - ADDED ENTRY ELEMENTS (KOHA)
Koha item type Books
Holdings
Withdrawn status Lost status Damaged status Home library Current library Date acquired Full call number Accession Number Koha item type
      KAUAET KAUAET 08/09/1986 530 15731 Books
free website counter